Catálogo
 En Linea

Disputaciones metafísicas / (Registro nro. 34755)

Detalles MARC
000 -CABECERA
campo de control de longitud fija 00611nam a2200169 a 4500
001 - NÚMERO DE CONTROL
campo de control 000035264
005 - FECHA Y HORA DE LA ÚLTIMA TRANSACCIÓN
campo de control 20200930074220.0
008 - DATOS DE LONGITUD FIJA--INFORMACIÓN GENERAL
campo de control de longitud fija 111027s1955 sp 000 0 spa d
040 ## - FUENTE DE LA CATALOGACIÓN
Centro catalogador/agencia de origen DO-SdBNP
Lengua de catalogación spa
Centro/agencia transcriptor BNPHU
082 ## - NÚMERO DE LA CLASIFICACIÓN DECIMAL DEWEY
Número de clasificación xxx
Número de documento/Ítem B849d
100 1# - ENTRADA PRINCIPAL--NOMBRE DE PERSONA
Nombre de persona Briceño, Alfonso
9 (RLIN) 61022
245 10 - MENCIÓN DE TÍTULO
Título Disputaciones metafísicas /
Mención de responsabilidad, etc. Alfonso Briceño ; prólogo Juan David García Bacca.
260 ## - PUBLICACIÓN, DISTRIBUCIÓN, ETC.
Lugar de publicación, distribución, etc. Caracas, Venezuela :
Nombre del editor, distribuidor, etc. Facultada de Humanidades,
Fecha de publicación, distribución, etc. 1955.
300 ## - DESCRIPCIÓN FÍSICA
Extensión 206 p. ;
Dimensiones 23 cm.
590 ## - NOTA LOCAL (RLIN)
Nota local Perteneció a la biblioteca personal de Juan Isidro Jimenes Grullón
700 1# - PUNTO DE ACCESO ADICIONAL--NOMBRE DE PERSONA
Nombre de persona García Bacca, Juan David,
Término indicativo de función/relación pról.
9 (RLIN) 46741
Existencias
Estado de retiro Estado de pérdida Restricciones de uso No para préstamo Código de colección Localización permanente Ubicación/localización actual Ubicación en estantería Fecha de adquisición Número de inventario Total de préstamos Signatura topográfica completa Código de barras Fecha visto por última vez Precio válido a partir de Tipo de ítem Koha
        Monografías: Libros y Folletos General General Orden iniciada 27.10.2011 LF1   xxx B849d 35264-10 25.06.2020 25.06.2020 No se presta

Con tecnología Koha